| 000 | 00776nam a22002777a 4500 | ||
|---|---|---|---|
| 001 | 000604 | ||
| 003 | DO-SdBNP | ||
| 005 | 20240311072743.0 | ||
| 007 | 000604 | ||
| 008 | 161026b 2000 sp | 00| 0 spa d | ||
| 020 | _a8432230073 | ||
| 040 |
_aBPMSU _bspa _cBPMSU |
||
| 082 | 4 |
_a863.6 _bM539m 2000 _222 |
|
| 100 | 1 |
_aMendoza, Eduardo, _d1943- |
|
| 245 | 1 | 0 |
_aEl misterio de la cripta embrujada / _cEduardo Mendoza. |
| 250 | _a47a ed. | ||
| 260 |
_aBarcelona : _bSeix Barral, _c2000. |
||
| 300 |
_a189 p. ; _c19 cm. |
||
| 490 | 0 | _aBiblioteca de bolsillo. | |
| 590 | _aInventariado, 2024/VM | ||
| 650 | 4 | _aNovela espaƱola | |
| 650 | 4 |
_aFantasmas _vNovela |
|
| 650 | 4 | _aNovela de terror espaƱola | |
| 910 | _aVMateo V. Control de calidad. BPMSU | ||
| 942 |
_2ddc _cBK |
||
| 999 |
_c11692 _d11692 |
||